| 000 | 00560nam a2200193Ia 4500 | ||
|---|---|---|---|
| 005 | 20260429111855.0 | ||
| 008 | 260429s9999||||xx |||||||||||||| ||und|| | ||
| 020 | _a9781492529200 | ||
| 041 | _aEnglish | ||
| 082 |
_a613.7046 _bBUT |
||
| 100 | _aButera, Kristen | ||
| 245 | 0 |
_aYoga therapy : _ba personalized approach for your active lifestyle / _cKristen Butera |
|
| 260 |
_aUnited States : _bHuman kinetics, _c2017. |
||
| 300 | _axiv, 234 p.; pbk | ||
| 650 | _a Physical fitness | ||
| 650 | _a Yoga therapy | ||
| 650 | _aPersonal health | ||
| 942 | _cTB | ||
| 999 |
_c51225 _d51225 |
||